NLSUI OPAC header image

Reforming company and takeover law in Europe / (Record no. 22095)

MARC details
000 -LEADER
fixed length control field 01384cam a2200241 a 4500
005 - DATE AND TIME OF LATEST TRANSACTION
control field 20260608164002.0
008 - FIXED-LENGTH DATA ELEMENTS--GENERAL INFORMATION
fixed length control field 040716s2004 enka b 001 0 eng d
020 ## - INTERNATIONAL STANDARD BOOK NUMBER
International Standard Book Number 0199273804 (hbk.)
082 04 - DEWEY DECIMAL CLASSIFICATION NUMBER
Classification number 346.06626 FER
245 00 - TITLE STATEMENT
Title Reforming company and takeover law in Europe /
Statement of responsibility, etc. edited by Guido Ferrarini... et al.
260 ## - PUBLICATION, DISTRIBUTION, ETC.
Place of publication, distribution, etc. New York :
Name of publisher, distributor, etc. Oxford University Press,
Date of publication, distribution, etc. 2004.
300 ## - PHYSICAL DESCRIPTION
Extent xxvi, 1104 p. :
Other physical details ill. ;
Dimensions 24 cm.
365 ## - TRADE PRICE
Price amount RS. 10,740.00
505 ## - Contents
Contents Chapter 1: The Need for a Regulatory Framework;<br/>Chapter 2: Regulation of Corporate Governance, in Particular Disclosure; <br/>Chapter 3: Modern Company Law-Making; <br/>Chapter 4: Board Structure, in Particular the Role of Non-Executive and Supervisory Directors; <br/>Chapter 5: The Remuneration of Executive and Non-Executive Directors; <br/>Chapter 6: The Responsibility of the Management and of the Board and Its Enforcement; <br/>Chapter 7: The Role of the Shareholder; <br/>Chapter 8: The Auditors; <br/>Chapter 9: American Experience and EU Perspectives; <br/>Chapter 10: The Proposed ‘Break-Through’ Rule; <br/>Chapter 11: Mandatory Bids, Squeeze-Outs and Similar Transactions.
650 #0 - SUBJECT ADDED ENTRY--TOPICAL TERM
Topical term or geographic name entry element Corporation law
650 #0 - SUBJECT ADDED ENTRY--TOPICAL TERM
Topical term or geographic name entry element Reforming company
650 #0 - SUBJECT ADDED ENTRY--TOPICAL TERM
Topical term or geographic name entry element Consolidation -- merger.
700 1# - ADDED ENTRY--PERSONAL NAME
Personal name Ferrarini, Guido
700 1# - ADDED ENTRY--PERSONAL NAME
Personal name Hopt, Klaus J.
700 1# - ADDED ENTRY--PERSONAL NAME
Personal name Winter, Jaap
700 1# - ADDED ENTRY--PERSONAL NAME
Personal name Wymeersch, Eddy
942 ## - ADDED ENTRY ELEMENTS (KOHA)
Source of classification or shelving scheme Dewey Decimal Classification
Koha item type BOOKs
Holdings
Withdrawn status Lost status Source of classification or shelving scheme Damaged status Not for loan Home library Current library Shelving location Date acquired Cost, normal purchase price Total Checkouts Full call number Barcode Date last seen Date last checked out Price effective from Koha item type
    Dewey Decimal Classification     NLS NLS General Stacks 30/05/2017 10740.00 4 346.06626 FER 20054 19/09/2025 12/09/2025 30/05/2017 BOOKs